Annual general meeting (Record no. 105637)

MARC details
000 -LEADER
fixed length control field 00841cam a22001815a 4500
001 - CONTROL NUMBER
control field ##L134289
008 - FIXED-LENGTH DATA ELEMENTS--GENERAL INFORMATION
fixed length control field 060724s1948 xxk 000 0 eng u
035 ## - SYSTEM CONTROL NUMBER
System control number (Sirsi) u134289
041 0# - LANGUAGE CODE
Language code of text/sound track or separate title eng
050 04 - LIBRARY OF CONGRESS CALL NUMBER
Classification number 333.0062 $2 18
110 2# - MAIN ENTRY--CORPORATE NAME
Corporate name or jurisdiction name as entry element National Association of Auctioneers, House Agents, Rating Surveyors and Valuers
9 (RLIN) 4989
245 00 - TITLE STATEMENT
Title Annual general meeting
260 ## - PUBLICATION, DISTRIBUTION, ETC.
Place of publication, distribution, etc. [S.l.]
Name of publisher, distributor, etc. [s.n.]
Date of publication, distribution, etc. 1948
300 ## - PHYSICAL DESCRIPTION
Extent 8p.
Dimensions 22cm.
520 ## - SUMMARY, ETC.
Summary, etc. Pamphlet giving notice of the Association's annual general meeting that took place at their headquarters in London on 20 January 1949 at 2.30pm. Includes the agenda, the report of the Executive Council, the revenue account and balance sheet for the year ended 31 August 1948, and the statement of account of the Benevolent Fund.
690 ## - LOCAL SUBJECT ADDED ENTRY--TOPICAL TERM (OCLC, RLIN)
Topical term or geographic name as entry element PROPERTY-PROPERTY VALUATION AND APPRAISAL
942 ## - ADDED ENTRY ELEMENTS (KOHA)
Suppress in OPAC 0
Holdings
Withdrawn status Lost status Source of classification or shelving scheme Damaged status Not for loan Home library Current library Shelving location Date acquired Total Checkouts Full call number Barcode Date last seen Copy number Price effective from Koha item type
    Dewey Decimal Classification     Historic collection Historic collection RICS Boxes 11/06/2012   RICS 1948/1 30076928 06/08/2019 1 06/08/2019 Archive